000 01169cad a22002295a 4500
001 L150289
008 070830e20100622 d f s 000 0 eng u
035 _a(Sirsi) u150289
041 0 _aeng
050 _a333.33 $2 18
110 2 _aRightmove
245 0 0 _aHouse prices set to fall as austerity measures start to bite
_h[electronic resource]
260 _aLondon
_bRightmove
_c2010
490 0 0 _aRightmove House Price Index
_vJune 2010
520 _aAverage national asking prices increase by 0.3% between May and June 2010. Asking prices are falling in real terms with the Retail Price Index (RPI) at 5.1% compared with a year on year rise of 5% in asking prices. 22% increase in sellers coming onto the market following suspension of Home Information Packs (HIPs) resulting in large jump in unsold stock. Sellers and tenants face tough times ahead.
590 _aKA
650 2 4 _aRIGHTMOVE HOUSE PRICE INDEX
651 4 _aUnited Kingdom
_y
690 _aPROPERTY-RESIDENTIAL PROPERTY-RESIDENTIAL PROPERTY MARKET
856 4 0 _uhttps://www.rightmove.co.uk/news/files/2010/06/june-2010.pdf
_zView the index free of charge at www.rightmove.co.uk
942 _n0
999 _c110820
_d110820